000
00304nam a22001337a 4500
008
170131b xxu||||| |||| 00| 0 eng d
020
_a
2900763763816
041
_a
eng
080
_2
3RD
_a
61
100
_a
3
101
_a
SHM
245
_a
INTRODUCTION TO PUBLIC HEALTH
_c
SCHNEIDER, M.J
942
_2
udc
_c
BK
999
_c
4143
_d
4143